000 00780nam a2200229 a 4500
001 BRCA_6632
005 20190320205533.0
008 101011s19201909ag-#######---#000-0#ger-#
041 _ager
044 _agw
050 4 _aQ171
_b.B657 1920
100 1 _aBölsche, Wilhelm
_d1861-1939
_916359
245 1 0 _aStunden im all
_bNaturwissenschaftliche Plauderein
_cWilhelm Bolsche.
260 _aStuttgart
_bDeutsche Verlags-Anstalt
_c1920, c1909
300 _a2 v.
_c18 cm.
500 _aLa biblioteca tiene 2 ejemplares con el mismo numero de acceso. Ej 1 de 1920 y Ej 2 de 1909
500 _aEstado físico: ambos ejemplares con la encuadernación desprendida
500 _aL123
650 1 4 _aCiencia
_vDiscursos, ensayos, conferencias
_916049
902 _aGFM
942 _2lcc
_cB
999 _c6316
_d6316